00625nam a22001937a 4500008003900000020001500039050002000054100002400074240004400098245004200142260003800184300003600222336001000258337001400268338001200282505008600294650002500380710002600405130617s2000 mx a paspa spa a9701029534 aZ246 bF64 2000 aFoges, Chriseautor aMagazine Design.Pro Graphicslespañol1 aDiseño de Revistas c / Chris Foges aMéxicob : Mc Graw Hillc, 2000 a159 páginasb : ilustraciones atexto asin medio avolumen aPackaging Formato Lectura Estructura Imágenes Sistemas Revistas Electrónicas 10aDISEÑO DE REVISTAS aIndex Booketraductor